LIPPINCITT'S REVIEW FOR NCLEX-RN (Record no. 2361)
[ view plain ]
| 000 -LEADER | |
|---|---|
| fixed length control field | 00345nam a2200157Ia 4500 |
| 003 - CONTROL NUMBER IDENTIFIER | |
| control field | SGT |
| 082 ## - DEWEY DECIMAL CLASSIFICATION NUMBER | |
| Classification number | 610.7 |
| Item number | L02B |
| 100 ## - MAIN ENTRY--PERSONAL NAME | |
| Personal name | BILLINGS, DIANE M. |
| 245 ## - TITLE STATEMENT | |
| Title | LIPPINCITT'S REVIEW FOR NCLEX-RN |
| 250 ## - EDITION STATEMENT | |
| Edition statement | 7TH |
| 260 ## - PUBLICATION, DISTRIBUTION, ETC. (IMPRINT) | |
| Name of publisher, distributor, etc | LIPPINCOTT |
| Place of publication, distribution, etc | PHILADELPHIA |
| Year of Publication | 2002 |
| 300 ## - PAGE DESCRIPTION | |
| No. of Pages | 816 |
| 650 ## - SUBJECT ADDED ENTRY--TOPICAL TERM | |
| Topical term or geographic name as entry element | NURSING |
| 942 ## - ADDED ENTRY ELEMENTS (KOHA) | |
| Source of classification or shelving scheme | Dewey Decimal Classification |
| Koha item type | Books |
| Withdrawn status | Lost status | Source of classification or shelving scheme | Damaged status | Not for loan | Collection code | Home library | Current library | Shelving location | Date acquired | Vendor Name | Cost, normal purchase price | SGTU | Bill Number | Total Checkouts | Full call number | Accession No. (Barcode) | Date last seen | Bill Date | Koha item type | Checked out | Date last borrowed |
|---|---|---|---|---|---|---|---|---|---|---|---|---|---|---|---|---|---|---|---|---|---|
| Dewey Decimal Classification | Not For Loan | NURSING | SGT Medical Library | SGT Medical Library | Reference Book | 06/07/2014 | ABC DELHI | 0.00 | SGTU | 4669 | 610.7 L02B | FN1965 | 09/02/2015 | 06/07/2014 | Books | ||||||
| Long Overdue (Lost) | Dewey Decimal Classification | NURSING | SGT Medical Library | SGT Medical Library | Reference Book | 06/07/2014 | ABC DELHI | 0.00 | SGTU | 4669 | 1 | 610.7 L02B | FN1966 | 10/06/2022 | 06/07/2014 | Books | 26/11/2018 | 10/06/2022 | |||
| Dewey Decimal Classification | NURSING | SGT Medical Library | SGT Medical Library | Reference Book | 06/07/2014 | ABC DELHI | 0.00 | SGTU | 4669 | 4 | 610.7 L02B | FN1967 | 04/06/2024 | 06/07/2014 | Books | 27/05/2024 | |||||
| Dewey Decimal Classification | Not For Loan | NURSING | SGT Medical Library | SGT Medical Library | Reference Book | 06/07/2014 | ABC DELHI | 0.00 | SGTU | 4669 | 610.7 L02B | FN1968 | 09/02/2015 | 06/07/2014 | Books | ||||||
| Dewey Decimal Classification | Not For Loan | NURSING | SGT Medical Library | SGT Medical Library | Reference Book | 06/07/2014 | ABC DELHI | 0.00 | SGTU | 4669 | 610.7 L02B | FN1969 | 09/02/2015 | 06/07/2014 | Books | ||||||
| Dewey Decimal Classification | Not For Loan | NURSING | SGT Medical Library | SGT Medical Library | Reference Book | 06/07/2014 | ABC DELHI | 0.00 | SGTU | 4669 | 610.7 L02B | FN1970 | 09/02/2015 | 06/07/2014 | Books |